000 01420cam a22003497i 4500
001 2714
003 FISKH
005 20240110154528.0
008 150506t20162016nyua j 000 1 eng d
010 _a 2015940703
020 _a9780062272744 (trade bdg.)
020 _a9780062272720
020 _a0062272748 (trade bdg.)
035 _a(OCoLC)ocn910087862
040 _aYDXCP
_beng
_cYDXCP
_erda
_dBTCTA
_dBDX
_dOCLCQ
_dCLE
_dOCLCO
_dNYP
_dILC
_dOCLCO
_dOCP
_dMR7
_dOCLCF
_dOCLCO
_dGZI
_dDLC
042 _alccopycat
050 0 0 _aPZ8.C765
_bRav 2016
082 _a260
100 1 _aConnolly, MarcyKate,
245 1 0 _aMonstrous /
_cMarcyKate Connolly.
250 _aFirst Paperback Edition, 2016
260 _aNew York :
_bHarper Collins,
_c2015
300 _a424, 14 pages :
_billustrations ;
_c20 cm
505 0 _aRavenous -- Precious : a Monstrous novella.
520 _aKymera, who has a raven's wings, a snake's tail, and a cat's eyes and claws, loves the father who brought her back to life after a wizard killed her, but she begins to question his motives, especially after she connects with a boy in the town from which she is rescuing sick girls.
650 0 _aMagic
_vJuvenile fiction.
650 0 _aWomen heroes
_vJuvenile fiction.
650 0 _aWitches
_vJuvenile fiction.
650 0 _aBrothers and sisters
_vJuvenile fiction.
906 _a7
_bcbc
_ccopycat
_d2
_eepcn
_f20
_gy-gencatlg
942 _2ddc
_cBK
_n0
999 _c2714
_d2714